000 01443nam0a2200313 4500
001 RU\NLR\BIBL_A\011352804
005 20260406154030.0
010 _a978-5-8174-0071-7
_91000
021 _aRU
_b2017-12731
_9938
035 _a(RuMoRGB)008806626
035 _a(NLR Aleph) 011352804
090 _a11254642
_c11254642
100 _a20170323d2016 |||y0rusy50 ca
101 0 _arus
102 _aRU
105 _ay z 000zy
200 1 _aАнастасия
_eсуществую для тех, для кого существую
_fВладимир Мегре
210 _aМосква
_aСанкт-Петербург
_cДиля
_d2016
_d(макет: 2017)
215 _a379 с.
_d21
225 1 _aЗвенящие кедры России
_vкн. 1
333 _a16+
600 0 _aАнастасия
_92078895
_3RU\NLR\AUTH\661254762
686 1 _aЮ96
700 1 _8rus
_7ca
_aМегре
_bВ. Н.
_f1950-
_gВладимир Николаевич
_3RU\NLR\AUTH\776718
_9116667
702 0 _4570
_8rus
_7ca
_aАнастасия
_cпсевдоним
_f1957-
_3RU\NLR\AUTH\7714033
_9123711
942 _cBOOK
980 _aNB